| 000 | 00640cam a2200181 a 4500 | ||
|---|---|---|---|
| 020 | _a2855397839 | ||
| 040 | _cOUN | ||
| 082 | 0 | 0 | _a304 PRE 1997 A068 Co. |
| 100 | 1 | _aMartin, Marie Alexandrine, | |
| 245 | 1 | 4 |
_aLes Khmers Daeum, "Khmers de l'origine" : _bsociété montagnarde et exploitation de la forêt : de l'écologie à l'histoire / |
| 260 |
_aParis : _bPresses de l'Ecole française d'Extrême-Orient, _cc1997. |
||
| 300 |
_a514 p., [48] p. of plates : _bill., maps ; _c24 cm. |
||
| 490 | 1 | _aCollection Monographies ; | |
| 650 | 0 | _aKhmers | |
| 650 | 0 | _aHuman ecology | |
| 710 | 2 | _aEcole française d'Extrême-Orient. | |
| 942 | _cFB | ||
| 999 |
_c14444 _d14444 |
||